Birgit Freybe Bateman. Увиденное (Запись № 2007680)

Подробности
000 -МАРКЕР
контрольное поле 03011nam0a2200457 4500
001 - ИДЕНТИФИКАТОР ЗАПИСИ
контрольное поле RU\NLR\bibl\1830665
005 - ИДЕНТИФИКАТОР ВЕРСИИ
контрольное поле 20260408063325.0
010 ## - МЕЖДУНАРОДНЫЙ СТАНДАРТНЫЙ НОМЕР КНИГИ (ISBN)
Номер (ISBN) 978-5-93332-369-3
021 ## - НОМЕР ГОСУДАРСТВЕННОЙ РЕГИСТРАЦИИ
Код страны Российская Федерация
Номер 2011-2880и
Номер Листа государственной регистраци 400и
035 ## - ДРУГИЕ СИСТЕМНЫЕ НОМЕРА
Идентификатор записи (nilc)LIBNET\0000166958
035 ## - ДРУГИЕ СИСТЕМНЫЕ НОМЕРА
Идентификатор записи (NLR Aleph) 001821171
100 ## - ДАННЫЕ ОБЩЕЙ ОБРАБОТКИ
Данные общей обработки 20111005d2011 |||y0rusy50 ca
101 1# - ЯЗЫК РЕСУРСА
Язык текста, звукозаписи и т.д. русский
-- английский
Язык оригинала английский
102 ## - СТРАНА ПУБЛИКАЦИИ ИЛИ ПРОИЗВОДСТВА
Страна публикации Российская Федерация
105 ## - ПОЛЕ КОДИРОВАННЫХ ДАННЫХ: ТЕКСТОВЫЕ МАТЕРИАЛЫ, МОНОГРАФИЧЕСКИЕ
Кодированные данные о монографическом текстовом документе a z |||||
200 1# - ЗАГЛАВИЕ И СВЕДЕНИЯ ОБ ОТВЕТСТВЕННОСТИ
Основное заглавие Birgit Freybe Bateman. Увиденное
Сведения, относящиеся к заглавию [выставка фотографий
Первые сведения об ответственности пер. с англ.: Юлия Кузнецова, Ирина Горюнова
Последующие сведения об ответственности авт. вступ. ст.: Евгения Петрова, Грег Гурофф]
210 ## - ПУБЛИКАЦИЯ, РАСПРОСТРАНЕНИЕ И ДР.
Место издания, распространения и т.д. Санкт-Петербург
Имя издателя, распространителя и т. д. Palace Editions
Дата издания, распространения и т.д. 2011
215 ## - ФИЗИЧЕСКАЯ ХАРАКТЕРИСТИКА
Специфическое обозначение материала и объем 83, [1] с.
Другие сведения о физической характеристике цв. ил., портр.
Размеры 23x25
225 1# - СЕРИЯ
Основное заглавие серии Альманах
Сведения об ответственности Рус. музей, Музей Людвига
Обозначение тома вып. 303
300 ## - ОБЩИЕ ПРИМЕЧАНИЯ
Текст примечания На обл. авт.: Биргит Фрейби Бейтман
300 ## - ОБЩИЕ ПРИМЕЧАНИЯ
Текст примечания На 4-й с. авт.: Биргит Фрейби Бейтман - фотограф
300 ## - ОБЩИЕ ПРИМЕЧАНИЯ
Текст примечания В надзаг.: Фонд междунар. искусства и образования, США
300 ## - ОБЩИЕ ПРИМЕЧАНИЯ
Текст примечания Текст парал. на рус. и англ. яз.
517 0# - ДРУГИЕ ВАРИАНТЫ ЗАГЛАВИЯ
Вариант заглавия Увиденное
600 #1 - ИМЯ ЛИЦА КАК ПРЕДМЕТ
Начальный элемент ввода Фрейби Бейтман
Часть имени, кроме начального элемента ввода Б.
Даты 1946
Расширение инициалов личного имени Биргит
Тематический подзаголовок Выставки
Географический подзаголовок Санкт-Петербург, город
Хронологический подзаголовок 2011
Системный номер авторитетной/нормативной записи 2098851
Идентификатор авторитетной/нормативной записи RU\NLR\auth\661573139
601 02 - НАИМЕНОВАНИЕ ОРГАНИЗАЦИИ КАК ПРЕДМЕТ
Начальный элемент ввода Государственный Русский музей
Структурное подразделение организации Музей Людвига
Идентифицирующий признак Санкт-Петербург, город
Тематический подзаголовок Выставки
Хронологический подзаголовок 2011
Системный номер авторитетной/нормативной записи 2098422
Идентификатор авторитетной/нормативной записи RU\NLR\auth\661572916
686 ## - ИНДЕКСЫ ДРУГИХ КЛАССИФИКАЦИЙ
Индекс Щ163(7К)6-8Фрейби Бейтман Б.
Издание LBC/SL
Код системы
686 ## - ИНДЕКСЫ ДРУГИХ КЛАССИФИКАЦИЙ
Индекс Щ163(7К)6-8Фрейби Бейтман л62
686 ## - ИНДЕКСЫ ДРУГИХ КЛАССИФИКАЦИЙ
Индекс Щ101.3(2Р)-2Санкт-Петербург2Гос. музей л62
702 #1 - ИМЯ ЛИЦА - ВТОРИЧНАЯ ОТВЕТСТВЕННОСТЬ
Код отношения Прочие
Материалы, к которым относится поле rus
Графика поля Кириллица
Начальный элемент ввода Фрейби Бейтман
Часть имени, кроме начального элемента ввода Б.
Даты 1946-
Расширение инициалов личного имени Биргит
Идентификатор авторитетной/нормативной записи RU\NLR\auth\77110547
Системный номер авторитетной/нормативной записи 93472
711 10 - НАИМЕНОВАНИЕ ОРГАНИЗАЦИИ - АЛЬТЕРНАТИВНАЯ ОТВЕТСТВЕННОСТЬ
Начальный элемент ввода Фрейби Бейтман,
Инверсированный элемент Биргит
Часть наименования, отличная от начального элемента ввода и от инверсированного элемента Выставка фотографии
Дата проведения временной организации 2011
Место проведения временной организации Санкт-Петербург
Идентификатор авторитетной/нормативной записи RU\NLR\AUTH\8810197737
Системный номер авторитетной/нормативной записи 284415
712 02 - НАИМЕНОВАНИЕ ОРГАНИЗАЦИИ - ВТОРИЧНАЯ ОТВЕТСТВЕННОСТЬ
Код отношения Прочие
Начальный элемент ввода Государственный Русский музей
Идентифицирующий признак Санкт-Петербург
Структурное подразделение Музей Людвига
Идентификатор авторитетной/нормативной записи RU\NLR\AUTH\8810033910
Системный номер авторитетной/нормативной записи 566286
712 02 - НАИМЕНОВАНИЕ ОРГАНИЗАЦИИ - ВТОРИЧНАЯ ОТВЕТСТВЕННОСТЬ
Код отношения Прочие
Начальный элемент ввода Фонд международного искусства и образования
Идентифицирующий признак США
Идентификатор авторитетной/нормативной записи RU\NLR\AUTH\8810197736
Системный номер авторитетной/нормативной записи 284412
801 #0 - ИСТОЧНИК ЗАПИСИ
Страна Российская Федерация
Организация ГПИБ России
Дата составления 20111005
Правила каталогизации rcr
801 #1 - ИСТОЧНИК ЗАПИСИ
Страна Российская Федерация
Организация ГПИБ России
Дата составления 20111005
Правила каталогизации rcr
Источник данных rusmarc
801 #2 - ИСТОЧНИК ЗАПИСИ
Страна Российская Федерация
Организация NLR
Дата составления 20111109
Правила каталогизации rcr
942 ## - ДОПОЛНИТЕЛЬНЫЕ ЭЛЕМЕНТЫ ЗАПИСИ (АБИС)
Тип экземпляра АБИС Книга
980 ## - КОЛЛЕКЦИЯ
Название коллекции Национальная библиография
980 ## - КОЛЛЕКЦИЯ
Название коллекции НБР
Экземпляры
Тип экземпляра Дата поступления Источник поступления Библиотека постоянного хранения Библиотека текущего хранения Место хранения Шифр хранения Штрих-код Статус экземпляра Стоимость
Книга 09.11.2011 Обязательный экземпляр РНБ (Садовая) РНБ (Садовая) Фонд эстампов и фотографий (изоизданий) Э КП/Б419 3526798    
Книга 09.11.2011 Обязательный экземпляр РНБ (Садовая) РНБ (Садовая) Фонд эстампов и фотографий (изоизданий) Э КП/Б419 3526799    
Книга 31.03.2014 Дар РНБ (Садовая) РНБ (Садовая) Фонд международного книгообмена   1-305870 Готов к отправке заказом МКО 300.00